Catalog

Record Details

Catalog Search



Dakota [CD/sound recording] / Martha Grimes.

Grimes, Martha.(Author).
Raudman, Renée.(Added Author).

Available copies

  • 1 of 1 copy available at LARL/NWRL Consortium.
  • 1 of 1 copy available at Northwest Regional Library. (Show preferred library)

Current holds

0 current holds with 1 total copy.

Show Only Available Copies
Location Call Number / Copy Notes Barcode Shelving Location Status Due Date
Red Lake Falls Public Library BOOK-ON-CD GRI (Text) 35500004224646 Main Available -

Record details

  • ISBN: 9780143143017
  • ISBN: 0143143018
  • Physical Description: 11 sound discs (ca. 14 hr.) : digital ; 4 3/4 in.
  • Publisher: New York : Penguin, p2008.

Content descriptions

General Note:
Unabridged.
Compact discs.
Participant or Performer Note:
Read by Renée Raudman.
Summary, etc.:
Andi Oliver, an amnesiac and drifter, is hired by ... Read More
Subject: Drifters > Fiction.
Amnesiacs > Fiction.
Genre: Compact discs.
Mystery fiction.
LDR 01450cim a2200313Ka 4500
00189784
003LARL_NWRL_CONSORTIUM
00520080215094926.0
008070721s2008 nyunnn f n eng d
020 . ‡a9780143143017
020 . ‡a0143143018
035 . ‡a(OCoLC)166367891
040 . ‡aBTCTA ‡cBTCTA ‡dBAKER ‡dRL9
1001 . ‡aGrimes, Martha. ‡0(LARL_NWRL_CONSORTIUM)68379
24510. ‡aDakota ‡h[CD/sound recording] / ‡cMartha Grimes.
260 . ‡aNew York : ‡bPenguin, ‡cp2008.
300 . ‡a11 sound discs (ca. 14 hr.) : ‡bdigital ; ‡c4 3/4 in.
5110 . ‡aRead by Renée Raudman.
500 . ‡aUnabridged.
500 . ‡aCompact discs.
520 . ‡aAndi Oliver, an amnesiac and drifter, is hired by Klavan's, a massive pig farming facility that specializes in the dark art of modern livestock management. As Andi begins to uncover the truth about Klavan's, two men are on her trail, one a gunman hired to kill her, another who has followed her across three states demanding something from her forgotten past.
650 0. ‡aDrifters ‡vFiction. ‡0(LARL_NWRL_CONSORTIUM)164669
650 0. ‡aAmnesiacs ‡vFiction. ‡0(LARL_NWRL_CONSORTIUM)170354
655 0. ‡aCompact discs.
655 7. ‡aMystery fiction. ‡2gsafd
7001 . ‡aRaudman, Renée. ‡0(LARL_NWRL_CONSORTIUM)212307
901 . ‡a89784 ‡bISxN ‡c89784 ‡tbiblio

Additional Resources